Language Quiz

Random Language or Letter Quiz
Score 0/23 Timer 01:30
2 Plays Today
Hint Answer % Correct
Change the PMole
94.5%
Change the OPale
93.9%
Change the PDole
93.6%
Change the OPile
92.7%
Change the PHole
92.3%
Change the PSole
92.3%
Change the PCole
91%
Change the PBole
90.4%
Change the PRole
88.4%
Change the PTole
88.2%
Change the OPule
87.6%
Change the PVole
79.8%
Hint Answer % Correct
Change the LPore
75.3%
Change the LPone
74.5%
Change the PJole
73.3%
Change the LPose
72.7%
Change the LPome
69%
Change the LPoke
66.9%
Change the LPope
61.2%
Change the EPols
48.8%
Change the EPoll
48.2%
Change the EPolo
44.1%
Change the EPoly
39.9%
Remove Ads.
Support Sporcle.
Get the best of Sporcle when you Go Orange. This ad-free experience offers more features, more stats, and more fun while also helping to support Sporcle. Thank you for becoming a member.

You're not logged in!

Compare scores with friends on all Sporcle quizzes.
OR
Log In

Show Comments

Extras

Top Quizzes Today


Score Distribution

Your Account Isn't Verified!

In order to create a playlist on Sporcle, you need to verify the email address you used during registration. Go to your Sporcle Settings to finish the process.

Report this User

Report this user for behavior that violates our Community Guidelines.

Details: